Outline of american geography : (Record no. 6211)

MARC details
000 -LEADER
fixed length control field 00673nam a22001817a 4500
003 - CONTROL NUMBER IDENTIFIER
control field OSt
005 - DATE AND TIME OF LATEST TRANSACTION
control field 20251125103552.0
008 - FIXED-LENGTH DATA ELEMENTS--GENERAL INFORMATION
fixed length control field 251125b |||||||| |||| 00| 0 eng d
040 ## - CATALOGING SOURCE
Original cataloging agency DWC-Main lib
Transcribing agency OC
082 ## - DEWEY DECIMAL CLASSIFICATION NUMBER
Classification number Circ. 917.3 B618 1992
245 ## - TITLE STATEMENT
Title Outline of american geography :
Remainder of title regional landscapes of the United States
260 ## - PUBLICATION, DISTRIBUTION, ETC.
Place of publication, distribution, etc. US :
Name of publisher, distributor, etc. Office of the National Information programs,
Date of publication, distribution, etc. c1992
300 ## - PHYSICAL DESCRIPTION
Extent 196 pages :
Other physical details colored illustration :
Dimensions 21 cm.
650 ## - SUBJECT ADDED ENTRY--TOPICAL TERM
Source of heading or term United States geography.
650 ## - SUBJECT ADDED ENTRY--TOPICAL TERM
Source of heading or term United States -- Description and travel.
650 ## - SUBJECT ADDED ENTRY--TOPICAL TERM
Source of heading or term Travel.
942 ## - ADDED ENTRY ELEMENTS (KOHA)
Source of classification or shelving scheme Dewey Decimal Classification
Koha item type Book Circulation
Classification part Circ. 917.3 B618 1992
Call number prefix Circ.
Suppress in OPAC No
952 ## - LOCATION AND ITEM INFORMATION (KOHA)
--
Holdings
Withdrawn status Lost status Source of classification or shelving scheme Damaged status Not for loan Home library Current library Shelving location Date acquired Source of acquisition Total Checkouts Full call number Barcode Date last seen Copy number Price effective from Koha item type Uniform Resource Identifier
    Dewey Decimal Classification     College Library College Library Circulation 09/14/2005 Donation   Circ. 917.3 B618 1992 CL42423 11/25/2025 c1 11/25/2025 BK-CIRC